| 000 | 01557nam a2200409 a 4500 | ||
|---|---|---|---|
| 001 | 16640 | ||
| 003 | BD-RjUL | ||
| 005 | 20211209000032.0 | ||
| 008 | 140215s1971 nyu 000 0 eng d | ||
| 020 | _a0231035314 | ||
| 035 | _a(BD-RjUL)16695 | ||
| 040 |
_aDLC _cCCV _dEQO _dBD-RjUL _beng |
||
| 041 | 1 |
_aeng _hjpn |
|
| 082 | 0 | 0 |
_a 895.623 _bIZC 1971 |
| 090 |
_aPL794.6.K3 _bE5 1981 |
||
| 100 | 1 |
_aTakeda, Izumo, _d1691-1756. _951402 |
|
| 245 | 1 | 0 |
_aChūshingura = _bThe treasury of loyal retainers : a puppet play / _cby Takeda Izumo, Miyoshi Shōraku and Namiki Senryū ; translated by Donald Keene. |
| 246 | 1 | 1 | _aTreasury of loyal retainer |
| 260 |
_aNew York : _bColumbia University Press, _c1971. |
||
| 300 |
_ax, 183 p. ; _c21 cm. |
||
| 490 | 1 | _aUNESCO collection of representative works. Japanese series | |
| 490 | 1 |
_aColumbia paperback ; _vno. 114 |
|
| 500 | _aTranslation of: Kanadehon Chūshingura. | ||
| 500 | _a"Prepared for the Columbia College Program of Translation from the Oriental Classics." | ||
| 504 | _aincludes bibliographical references. | ||
| 650 | 0 |
_aForty-seven Rōnin _vDrama. _951403 |
|
| 650 | 0 |
_aJapanese drama _vTranslations into English. _951404 |
|
| 830 | 0 |
_vno. 114 _951417 |
|
| 700 | 1 |
_aMiyoshi, Shōraku, _d1696?-1772? _951406 |
|
| 700 | 1 |
_aNamiki, Senryū, _d1695-1751. _951407 |
|
| 700 | 1 |
_aKeene, Donald. _951408 |
|
| 830 | 0 |
_aUNESCO collection of representative works. _9504 |
|
| 830 | 0 |
_aColumbia paperback ; _951418 |
|
| 942 |
_2ddc _cBK |
||
| 999 |
_c16640 _d16640 |
||